La Huella liberal (Record no. 197766)
[ view plain ]
| 000 -LEADER | |
|---|---|
| campo de control de longitud fija | 01112nam a22003737a 4500 |
| 001 - NÚMERO DE CONTROL | |
| campo de control | 197766 |
| 003 - IDENTIFICADOR DE NÚMERO DE CONTROL | |
| campo de control | ES-MaACL |
| 005 - FECHA Y HORA DE LA ÚLTIMA TRANSACCIÓN | |
| campo de control | 20260601124622.0 |
| 007 - CAMPO FIJO DE DESCRIPCIÓN FÍSICA--INFORMACIÓN GENERAL | |
| campo de control de longitud fija | ta |
| 008 - DATOS DE LONGITUD FIJA--INFORMACIÓN GENERAL | |
| campo de control de longitud fija | 250730b sp ||||| |||| 00| 0 spa d |
| 010 #0 - NÚMERO DE CONTROL DE LA BIBLIOTECA DEL CONGRESO | |
| Número de control de LC | $b0 $c20250505 $od |
| 017 ## - NÚMERO DE COPYRIGHT O DE DEPÓSITO LEGAL | |
| Número de copyright o de depósito legal | M 24785-2024 $b |
| Agencia que asigna | Oficina Depósito Legal Madrid |
| 022 0# - NÚMERO INTERNACIONAL NORMALIZADO PARA PUBLICACIONES SERIADAS | |
| Fuente | $2_u |
| Número Internacional Normalizado para Publicaciones Seriadas | 3045-9370 |
| 040 ## - FUENTE DE CATALOGACIÓN | |
| Centro catalogador/agencia de origen | SpMaBN |
| Lengua de catalogación | $spa |
| Centro/agencia transcriptor | pMaBN |
| Normas de descripción | $erda |
| 080 ## - NÚMERO DE LA CLASIFICACIÓN DECIMAL UNIVERSAL | |
| Número de la Clasificación Decimal Universal | 329.12 |
| 240 #3 - TÍTULO UNIFORME | |
| Título uniforme | La Huella liberal |
| 245 03 - MENCIÓN DEL TÍTULO | |
| Título | La Huella liberal |
| 260 #1 - PUBLICACIÓN, DISTRIBUCIÓN, ETC. | |
| Lugar de publicación, distribución, etc. | Madrid 92 . |
| Nombre del editor, distribuidor, etc. | Liberales/Sistemas Globales Corporativos, S.L |
| Fecha de publicación, distribución, etc. | [2024]- |
| 300 ## - DESCRIPCIÓN FÍSICA | |
| Extensión | volúmenes |
| Dimensiones | 47 cm |
| 306 ## - TIEMPO DE REPRODUCCIÓN/DURACIÓN | |
| Tiempo de reproducción/duración | Mensual |
| 336 ## - TIPO DE CONTENIDO | |
| Fuente | rdacontent |
| Término de tipo de contenido | texto |
| 337 ## - TIPO DE MEDIO | |
| Fuente | rdamedia |
| Nombre/término del tipo de medio | sin mediación |
| 338 ## - TIPO DE SOPORTE | |
| Fuente | rdacarrier |
| Nombre/término del tipo de soporte | volumen |
| 362 0# - FECHAS DE PUBLICACIÓN Y/O DESIGNACIÓN SECUENCIAL | |
| Fecha de publicación y/o designación secuencial | Número 1 (30-10-2024)- |
| 500 ## - NOTA GENERAL | |
| Nota general | Título tomado de la cabecera |
| 650 #7 - PUNTO DE ACCESO ADICIONAL DE MATERIA--TÉRMINO DE MATERIA | |
| Fuente del encabezamiento o término | embne |
| Término de materia o nombre geográfico como elemento de entrada | Liberalismo |
| Subdivisión cronológica | S.XXI Siglo 21 |
| Subdivisión geográfica | España |
| 9 (RLIN) | 241454 |
| 752 ## - ENTRADA AGREGADA--NOMBRE JERÁRQUICO DEL LUGAR | |
| País o entidad superior | España |
| 760 ## - ENLACE A UNA SERIE PRINCIPAL | |
| Edición | Madrid (Comunidad Autónoma |
| 852 ## - LOCALIZACIÓN | |
| Ubicación en estantería | Hemeroteca |
| Ubicación | ES-MaACL |
| Número de control de estantería | HEM-3011 |
| Sublocalización o colección | 197766 |
| 866 ## - MENCIÓN TEXTUAL DE FONDOS--UNIDAD BIBLIOGRÁFICA BÁSICA | |
| Fondos | 2025-2026 |
| 942 ## - ELEMENTOS DE ENTRADA SECUNDARIOS (KOHA) | |
| Fuente del sistema de clasificación o colocación | Clasificación decimal universal |
| Suprimir en OPAC | No |
| 955 ## - CATALOGADOR - EDICIÓN | |
| Nombre de catalogador | Verónica Torres Díaz |
| Estatus retirado | Estado de pérdida | Fuente del sistema de clasificación o colocación | Especificación de materiales (volumen encuadernado u otra parte) | Estado de daño | No para préstamo | Colección | Biblioteca de origen | Biblioteca actual | Ubicación en estantería | Fecha de adquisición | Fuente de adquisición | Total de préstamos | Signatura topográfica completa | Visto por última vez | Tipo de ítem Koha |
|---|---|---|---|---|---|---|---|---|---|---|---|---|---|---|---|
| Clasificación decimal universal | Último número recibido: n.º 13 (2026) | Periódicos y Revistas | Biblioteca del Ateneo de Madrid | Biblioteca del Ateneo de Madrid | Mesetón | 30/10/2024 | Donación | HEM-3011 (C.º 53) | 11/08/2025 | Periódico |
